Capitals Without the Letters of “Maputo" - Statistics

General Stats
  • This quiz has been taken 6 times
  • The average score is 5 of 9
Answer Stats
Continents Capitals % Correct
Europe Berlin
100%
Europe Bern
100%
Europe Kiev
100%
Asia Beijing
67%
Europe Helsinki
67%
Asia Bishkek
33%
Asia Dili
33%
Asia New Delhi
33%
Africa Libreville
0%
No matching quizzes found
Score Distribution
Percent of People with Each Score
Percentile by Number Answered
Your Score History
You have not taken this quiz